Growth and development of Prabasi Bengali female children of Lucknow ( 6 to 8 years of age) (Record no. 14607)

MARC details
000 -LEADER
fixed length control field 00686nam a2200205Ia 4500
082 ## - DEWEY DECIMAL CLASSIFICATION NUMBER
Classification number TM.0290
100 ## - MAIN ENTRY--AUTHOR NAME
Personal name Mukerji, Chandana
245 #0 - TITLE STATEMENT
Title Growth and development of Prabasi Bengali female children of Lucknow ( 6 to 8 years of age)
260 ## - PUBLICATION, DISTRIBUTION, ETC. (IMPRINT)
Year of publication 1972
Name of publisher University of Luckonw
300 ## - PHYSICAL DESCRIPTION
Number of Pages 182p. + C D -28
650 ## - SUBJECT ADDED ENTRY--TOPICAL TERM
Topical Term CHILDREN///BENGALI CHILDREN
650 ## - SUBJECT ADDED ENTRY--TOPICAL TERM
Topical Term CHILDREN///BENGALI CHILDREN
650 ## - SUBJECT ADDED ENTRY--TOPICAL TERM
Topical Term BENGALI CHILDREN - ANTHROPOMETRY
650 ## - SUBJECT ADDED ENTRY--TOPICAL TERM
Topical Term BENGALI CHILDREN - UTTRA PRADESH - LUCKNOW
650 ## - SUBJECT ADDED ENTRY--TOPICAL TERM
Topical Term ETHNOLOGY - INDIA///BENGALI CHILDREN
650 ## - SUBJECT ADDED ENTRY--TOPICAL TERM
Topical Term GIRLS - ANTHROPOMETRY
650 ## - SUBJECT ADDED ENTRY--TOPICAL TERM
Topical Term CHILDREN///GIRLS - ANTHROPOMETRY
710 ## - ADDED ENTRY--CORPORATE NAME
Corporate name or jurisdiction name as entry element Mathur, K.S.
942 ## - ADDED ENTRY ELEMENTS (KOHA)
Koha item type Thesis
Source of classification or shelving scheme Dewey Decimal Classification
Holdings
Withdrawn status Lost status Damaged status Not for loan Home library Current library Date acquired Full call number Accession Number Price effective from Koha item type
        NASSDOC Library NASSDOC Library 08/10/2004 TM.0290 9091 18/04/2019 Thesis